000 00884cam a2200205 i 4500
005 20251123084851.0
008 250721s1997 su gr 000 0 ara d
082 1 4 _a211.2
_bع ث م
100 1 _aعثمان، حسني شيخ
_eمؤلف.
245 1 0 _aتجويد الفاتحة :
_bوعشر سور قصار من خواتيم القرآن الكريم مع ما يتعلق بالصلاة من أحكام التجويد على رواية حفص عن عاصم من طريق الشاطبية /
_cحسني شيخ عثمان.
250 _aالطبعة الأولى.
264 3 1 _aجدة :
_bدار المنارة للنشر والتوزيع،
_c1997.
300 _a183 صفحة.
650 1 7 _aالإسلام.
650 1 7 _aالقرآن الكريم.
650 1 7 _aأحكام التجويد.
650 1 7 _aسور القرآن.
942 _2ddc
_cBK
999 _c6309
_d6309